[Event "Millionaire Chess Op 2016"]
[Site "Atlantic City USA"]
[Date "2016.10.07"]
[Round "4.10"]
[White "Perelshteyn, Eugene"]
[Black "Zhou, Jianchao"]
[Result "1/2-1/2"]
[WhiteTitle "GM"]
[BlackTitle "GM"]
[WhiteElo "2489"]
[BlackElo "2630"]
[WhiteFideId "2012529"]
[BlackFideId "8603537"]
[EventDate "2016.10.06"]

1. d4 Nf6 2. Bf4 g6 3. e3 Bg7 4. c3 O-O 5. Nf3 d6 6. h3 c5 7. dxc5 dxc5 8. Qxd8
Rxd8 9. Bc7 Rd7 10. Bh2 Rd8 11. Nbd2 b6 12. a4 Nc6 13. Bc4 Na5 14. Be2 Bb7 15.
O-O Ne4 16. Rfd1 h6 17. Kf1 Kf8 18. g4 e6 19. Ke1 Ke7 20. Nxe4 Bxe4 21. Bc7
Rxd1+ 22. Rxd1 Bc6 23. Bd6+ Ke8 24. Ne5 Bxa4 25. Ra1 Rd8 26. Bc7 Rc8 27. Bd6 Rd8
28. Bc7 Rc8 29. Bd6 Rd8 1/2-1/2

[Event "Millionaire Chess Op 2016"]
[Site "Atlantic City USA"]
[Date "2016.10.07"]
[Round "4.11"]
[White "Valdes Escobar, Alvaro"]
[Black "Ramirez, Alejandro"]
[Result "1/2-1/2"]
[WhiteTitle "IM"]
[BlackTitle "GM"]
[WhiteElo "2387"]
[BlackElo "2568"]
[WhiteFideId "3405451"]
[BlackFideId "6500617"]
[EventDate "2016.10.06"]

1. Nf3 d5 2. c4 d4 3. g3 Nc6 4. Bg2 e5 5. O-O Nf6 6. d3 Nd7 7. e3 Be7 8. exd4
exd4 9. Nbd2 Nc5 10. Nb3 Ne6 11. Re1 O-O 12. Ne5 Nxe5 13. Rxe5 c6 14. Bd2 Qc7
15. Re1 Re8 16. Qf3 Bd7 17. h4 a5 18. Rab1 a4 19. Nc1 b5 20. Ne2 bxc4 21. dxc4
Qb6 22. Nf4 Nxf4 23. Bxf4 Bb4 24. Rxe8+ Rxe8 25. Rd1 Bc5 26. Rd2 Qb4 27. Qd3
Re1+ 28. Kh2 g6 29. Re2 Rxe2 30. Qxe2 Bd6 31. Bg5 a3 32. bxa3 Qxa3 33. Be4 Qc5 1/2-1/2

[Event "Millionaire Chess Op 2016"]
[Site "Atlantic City USA"]
[Date "2016.10.07"]
[Round "4.12"]
[White "Stripunsky, Alexander"]
[Black "Della Morte, Pablo"]
[Result "1-0"]
[WhiteTitle "GM"]
[BlackTitle "IM"]
[WhiteElo "2548"]
[BlackElo "2337"]
[WhiteFideId "2015315"]
[BlackFideId "108448"]
[EventDate "2016.10.06"]

1. e4 c5 2. c3 Nf6 3. e5 Nd5 4. Nf3 e6 5. Bc4 d6 6. d4 cxd4 7. cxd4 Nc6 8. O-O
Be7 9. exd6 Bxd6 10. Re1 O-O 11. Nc3 b6 12. Bg5 Be7 13. Bxd5 exd5 14. Qa4 Bxg5
15. Qxc6 Be6 16. Nxg5 Qxg5 17. Re3 Qf4 18. Ne2 Qg5 19. Re5 Qh4 20. Qc3 Rac8 21.
Qd2 Rc6 22. Rc1 Rfc8 23. Rxc6 Rxc6 24. Nf4 Qd8 25. h3 h6 26. Qe3 Qd7 27. g4 Rd6
28. Kh2 Rc6 29. Kg2 Rd6 30. b3 Rc6 31. Qe2 Rd6 32. Re3 Rc6 33. a4 a5 34. Rg3 Qc7
35. Qe3 Qd8 36. Qe5 Qc7 37. Qxc7 Rxc7 38. Re3 Rc6 39. Kg3 g5 40. Ne2 f6 41. f4
Kf7 42. f5 Bd7 43. Nc3 Rd6 44. h4 Be8 45. hxg5 hxg5 46. Kf2 Bd7 47. Ke2 Be8 48.
Kd2 Bd7 49. Rh3 Kg7 50. Rh1 Be8 51. Rb1 Kf7 52. b4 axb4 53. Rxb4 Ke7 54. Rxb6
Bc6 55. a5 Kd7 56. Kc2 Kc7 57. Kb3 Rd8 58. Kb4 Ra8 59. Nb5+ Kd7 60. a6 Rh8 61.
a7 Ra8 62. Rb8 1-0

[Event "Millionaire Chess Op 2016"]
[Site "Atlantic City USA"]
[Date "2016.10.07"]
[Round "4.13"]
[White "Rozman, Levy"]
[Black "Gorovets, Andrey"]
[Result "1-0"]
[WhiteTitle "FM"]
[BlackTitle "IM"]
[WhiteElo "2354"]
[BlackElo "2543"]
[WhiteFideId "2039877"]
[BlackFideId "13504037"]
[EventDate "2016.10.06"]

1. d4 d5 2. c4 e6 3. Nf3 c6 4. Bg5 f6 5. Bd2 Bd6 6. Nc3 f5 7. Qc1 Nf6 8. Bf4 b6
9. g3 O-O 10. Bg2 Ba6 11. b3 dxc4 12. O-O Nd5 13. Bxd6 Qxd6 14. Ne5 cxb3 15.
axb3 Nb4 16. Rd1 Rc8 17. e4 Nd7 18. Nxd7 Qxd7 19. Qa3 Nc2 20. Qxa6 Nxa1 21. Qxa1
fxe4 22. Bxe4 Rd8 23. Qb1 g6 24. Bg2 Rac8 25. Bh3 Qd6 26. Qe4 Rc7 27. Bxe6+ Kg7
28. d5 Re8 29. Qd4+ Kh6 30. Ne4 Qf8 31. Nf6 1-0

[Event "Millionaire Chess Op 2016"]
[Site "Atlantic City USA"]
[Date "2016.10.07"]
[Round "4.14"]
[White "Jere, Daniel"]
[Black "Barbosa, Oliver"]
[Result "0-1"]
[WhiteTitle "IM"]
[BlackTitle "GM"]
[WhiteElo "2371"]
[BlackElo "2515"]
[WhiteFideId "8700249"]
[BlackFideId "5201640"]
[EventDate "2016.10.06"]

1. c4 c6 2. g3 d5 3. Bg2 Nf6 4. Nf3 Bg4 5. Ne5 Bh5 6. cxd5 Nxd5 7. d4 e6 8. O-O
Nd7 9. Nd3 Qb6 10. Nc3 N7f6 11. Ne5 Rd8 12. h3 Be7 13. g4 Bg6 14. Nxd5 Nxd5 15.
e4 Nf6 16. Nxg6 hxg6 17. Be3 e5 18. d5 Bc5 19. Bxc5 Qxc5 20. Qa4 O-O 21. Rac1
Qb6 22. dxc6 bxc6 23. b3 Rd6 24. Qc4 Qb8 25. f4 Rd4 26. Qc5 Nxe4 27. Qxe5 Qd8
28. Rxc6 Re8 29. Qc7 Qh4 30. Rc4 Rd2 31. Rc2 Qg3 32. Rxd2 Nxd2 33. Qc6 Re3 0-1

[Event "Millionaire Chess Op 2016"]
[Site "Atlantic City USA"]
[Date "2016.10.07"]
[Round "4.15"]
[White "Paragua, Mark"]
[Black "Lim, Zhuo Ren"]
[Result "1-0"]
[WhiteTitle "GM"]
[BlackTitle "FM"]
[WhiteElo "2503"]
[BlackElo "2217"]
[WhiteFideId "5201241"]
[BlackFideId "5702488"]
[EventDate "2016.10.06"]

1. d4 Nf6 2. Bg5 e6 3. e4 h6 4. Bxf6 Qxf6 5. c3 d6 6. Bd3 Nd7 7. Ne2 g6 8. O-O
Bg7 9. f4 O-O 10. a4 Qe7 11. e5 c5 12. Nd2 Rd8 13. Nc4 d5 14. Nd6 cxd4 15. cxd4
Nb8 16. Rc1 Nc6 17. Bb5 Rxd6 18. exd6 Qxd6 19. Kh1 Bd7 20. Qd2 a6 21. Bxc6 Bxc6
22. b3 Qa3 23. Rf3 a5 24. Qc3 Ra6 25. g4 b5 26. f5 bxa4 27. fxg6 fxg6 28. bxa4
Qd6 29. Qd3 Ra8 30. Qxg6 Be8 31. Qc2 e5 32. Ng3 exd4 33. Nf5 Qe5 34. Qf2 d3 35.
Re1 Qc3 36. Rf1 Bg6 37. Ne7+ Kh7 38. Nxg6 Kxg6 39. Rf7 Kh7 40. Qf5+ Kh8 41. Qxd5
Re8 42. Rd7 d2 43. Qxd2 Qxd2 44. Rxd2 Re4 45. h3 Rxa4 46. Rd7 Ra1 47. Rxa1 Bxa1
48. Kg2 Bc3 49. Kf3 Bb2 50. Ra7 Bc3 51. Ke4 Kg8 52. Kf5 Kf8 53. Kg6 Bd2 54. Rd7
Bc1 55. Rd1 1-0

[Event "Millionaire Chess Op 2016"]
[Site "Atlantic City USA"]
[Date "2016.10.07"]
[Round "4.16"]
[White "Troff, Kayden W"]
[Black "Falcao, Wesley"]
[Result "1/2-1/2"]
[WhiteTitle "GM"]
[WhiteElo "2501"]
[BlackElo "2142"]
[WhiteFideId "2047896"]
[BlackFideId "25019368"]
[EventDate "2016.10.06"]

1. d4 Nf6 2. c4 d6 3. Nc3 e5 4. Nf3 Nc6 5. d5 Ne7 6. e4 g6 7. Be2 Bg7 8. Nd2 g5
9. b4 Ng6 10. g3 Bh3 11. Bf1 Qc8 12. Qe2 Bg4 13. Qd3 h6 14. c5 O-O 15. cxd6 cxd6
16. Nc4 Ne8 17. Bg2 Bh3 18. O-O Bxg2 19. Kxg2 Qg4 20. f3 Qd7 21. Ne3 Ne7 22. Bd2
f5 23. exf5 Nxf5 24. Nxf5 Rxf5 25. Ne4 Rf7 26. a4 Nf6 27. b5 g4 28. fxg4 Qxg4
29. Rae1 Nxe4 30. Rxe4 Qg6 31. Rxf7 Qxf7 32. Rg4 h5 33. Rg6 Rf8 34. Kh3 Qd7+ 35.
Kg2 Qf7 36. Re6 Qf2+ 37. Kh3 Rf3 38. Be1 Rxd3 39. Bxf2 Rxd5 40. Re8+ Bf8 41.
Bxa7 Rd3 42. Rb8 Ra3 43. Rxb7 Rxa4 44. b6 Bh6 45. Bb8 Rb4 46. Bxd6 Rb5 47. Rb8+
Kh7 48. Bc7 e4 49. Re8 e3 50. Kh4 Kg6 51. Re6+ Kh7 52. h3 Bg7 53. Bf4 e2 54. Bg5
Be5 55. Bd2 Kg7 56. g4 hxg4 57. hxg4 Kf7 58. Rc6 Rb3 59. Rc1 Bg3+ 60. Kh5 Rxb6
61. Be1 Bxe1 62. Rxe1 Re6 63. Kh4 Re3 64. g5 Kg6 65. Kg4 Re4+ 66. Kf3 Re6 67.
Rxe2 Rxe2 68. Kxe2 Kxg5 1/2-1/2

[Event "Millionaire Chess Op 2016"]
[Site "Atlantic City USA"]
[Date "2016.10.07"]
[Round "4.17"]
[White "Salinas Herrera, Pablo"]
[Black "Tomb, Maroun"]
[Result "1-0"]
[WhiteTitle "IM"]
[WhiteElo "2475"]
[BlackElo "2109"]
[WhiteFideId "3407128"]
[BlackFideId "5300398"]
[EventDate "2016.10.06"]

1. e4 d6 2. d4 Nf6 3. Nc3 e5 4. Nf3 Nbd7 5. g3 Be7 6. Bg2 O-O 7. O-O c6 8. a4 a5
9. Re1 Qc7 10. h3 Re8 11. Be3 Nf8 12. Qd3 h6 13. Qc4 Bd8 14. Rad1 Be6 15. Qd3
Be7 16. Nh4 Rad8 17. Nf5 Bxf5 18. exf5 exd4 19. Bxd4 d5 20. Nb1 N8d7 21. c4 dxc4
22. Qxc4 Bb4 23. Rxe8+ Rxe8 24. Nc3 Bd6 25. Rc1 Qb8 26. Ne2 Be5 27. Qc3 Qc7 28.
Qb3 h5 29. Be3 Qb8 30. Rd1 Bd6 31. Qc3 Bb4 32. Qc4 Qe5 33. Qc2 Bc5 34. Nd4 Bb6
35. Qb3 Qb8 36. Bf3 Qa7 37. Kg2 Nc5 38. Qc4 Ncd7 39. Qb3 Nc5 40. Qc4 Ncd7 41.
Bf4 Ne5 42. Bxe5 Rxe5 43. g4 Qb8 44. Ne2 Qe8 45. Nf4 hxg4 46. hxg4 Nxg4 47. Nd3
Nxf2 48. Nxf2 Bxf2 49. Kxf2 Rxf5 50. Qh4 f6 51. Qd4 Qh5 52. Rd3 Qh2+ 53. Ke1
Qe5+ 54. Qxe5 Rxe5+ 55. Kf2 Rc5 56. b3 b5 57. Rd6 Rc2+ 58. Ke1 bxa4 59. bxa4 Kf7
60. Bxc6 Ke7 61. Rd7+ Ke6 62. Bb5 g5 63. Ra7 g4 64. Bd7+ Ke5 65. Bxg4 Kf4 66.
Bd1 Rh2 67. Be2 f5 68. Rxa5 Ke4 69. Ra8 Ke3 70. Re8+ Kf4 71. a5 Rh1+ 72. Bf1 Rh2
73. a6 Ra2 74. Be2 Kg3 75. Rg8+ Kf4 76. Rg7 Ke3 77. Re7+ Kf4 78. Kf2 Kg5 79. a7
Kf4 80. Ke1 Kg3 81. Bc4 Ra1+ 82. Kd2 Ra5 83. Kc3 f4 84. Bd5 1-0

[Event "Millionaire Chess Op 2016"]
[Site "Atlantic City USA"]
[Date "2016.10.07"]
[Round "4.18"]
[White "Lederer, Yoav"]
[Black "Kaliksteyn, Alexander"]
[Result "1-0"]
[BlackTitle "FM"]
[WhiteElo "2324"]
[BlackElo "2412"]
[WhiteFideId "2800292"]
[BlackFideId "2007630"]
[EventDate "2016.10.06"]

1. Nf3 Nf6 2. c4 g6 3. g3 Bg7 4. Bg2 O-O 5. Nc3 d6 6. d4 Nbd7 7. O-O e5 8. e4 c6
9. h3 Qb6 10. c5 dxc5 11. dxe5 Ne8 12. Na4 Qb5 13. Bg5 Nxe5 14. Nxe5 Bxe5 15.
Be7 Bd4 16. Rc1 b6 17. Re1 Be6 18. b3 Qb4 19. Bxf8 Kxf8 20. Qc2 Nc7 21. Nc3 Nb5
22. Nxb5 cxb5 23. Kh2 a5 24. e5 Ra7 25. Rb1 a4 26. Re2 axb3 27. axb3 Ra3 28. Qc1
Rxb3 29. Qh6+ Ke7 30. Qg5+ Kf8 31. Qd8+ Kg7 32. Qf6+ Kf8 33. Ra2 Qc3 1-0

[Event "Millionaire Chess Op 2016"]
[Site "Atlantic City USA"]
[Date "2016.10.07"]
[Round "4.19"]
[White "Burnett, Ronald"]
[Black "Yang, Kaiqi"]
[Result "0-1"]
[WhiteTitle "IM"]
[BlackTitle "IM"]
[WhiteElo "2317"]
[BlackElo "2392"]
[WhiteFideId "2002159"]
[BlackFideId "8604398"]
[EventDate "2016.10.06"]

1. d4 Nf6 2. c4 g6 3. Nc3 d5 4. Nf3 Bg7 5. Bg5 Ne4 6. Bh4 Nxc3 7. bxc3 dxc4 8.
Qa4+ Qd7 9. Qxc4 b6 10. Bg3 c5 11. Ne5 Bxe5 12. Bxe5 Ba6 13. Qb3 O-O 14. d5 Qf5
15. Bg3 c4 16. Qa4 Qxd5 17. Rd1 Qb5 18. Qc2 Nc6 19. h4 h5 20. f3 Rad8 21. Rb1
Qa5 22. e3 Rd7 23. Be2 Rfd8 24. Rd1 Rxd1+ 25. Bxd1 Rd3 26. O-O Rxc3 27. Qe4 Qc5
28. Bf2 Rc1 29. f4 c3 0-1

[Event "Millionaire Chess Op 2016"]
[Site "Atlantic City USA"]
[Date "2016.10.07"]
[Round "4.20"]
[White "Obrien, Matthew J"]
[Black "Sturt, Raven M"]
[Result "0-1"]
[WhiteElo "2031"]
[BlackElo "2389"]
[WhiteFideId "2059150"]
[BlackFideId "2007304"]
[EventDate "2016.10.06"]

1. e4 e5 2. Nf3 Nc6 3. Bb5 a6 4. Ba4 Nf6 5. O-O Be7 6. Re1 b5 7. Bb3 d6 8. a4
Bd7 9. c3 O-O 10. h3 Na5 11. Bc2 c5 12. d3 Qc7 13. Nbd2 Nc6 14. Qe2 Rfe8 15. Nf1
h6 16. Ng3 Bf8 17. Nh4 g6 18. Qf3 Nh7 19. Bb3 c4 20. dxc4 Na5 21. Bc2 bxc4 22.
Nf1 Be6 23. Qg3 Kh8 24. Ne3 Nb3 25. Bxb3 cxb3 26. Ng4 h5 27. Nh2 d5 28. N2f3 Bg7
29. Nd4 dxe4 30. Nxe6 Rxe6 31. Rxe4 a5 32. Re1 Rd8 33. Bg5 Nxg5 34. Qxg5 e4 35.
g3 Re5 36. Qe3 Rd3 37. Qe2 Qd7 38. Ng2 Rd2 39. Red1 Rxe2 40. Rxd7 Rxb2 41. Ne3
Rc5 42. Rad1 Bxc3 43. Rxf7 Rd2 44. Rxd2 Bxd2 45. Rb7 Bb4 46. Nf1 Rc1 0-1

[Event "Millionaire Chess Op 2016"]
[Site "Atlantic City USA"]
[Date "2016.10.08"]
[Round "5.1"]
[White "Shimanov, Aleksandr"]
[Black "Adhiban, Baskaran"]
[Result "0-1"]
[WhiteTitle "GM"]
[BlackTitle "GM"]
[WhiteElo "2639"]
[BlackElo "2689"]
[WhiteFideId "4198603"]
[BlackFideId "5018471"]
[EventDate "2016.10.06"]

1. d4 Nf6 2. Nf3 d5 3. g3 Bf5 4. Bg2 e6 5. c4 c6 6. O-O Nbd7 7. Nc3 dxc4 8. a4
a5 9. Nh4 Bg4 10. h3 Bh5 11. f4 Nd5 12. Nf3 Bg6 13. Nh4 Bh5 14. Nf3 Bb4 15. Qc2
f5 16. e4 Bxf3 17. Bxf3 Ne7 18. Qe2 Nb6 19. Be3 O-O 20. Bf2 Qd7 21. Bg2 Bxc3 22.
bxc3 fxe4 23. Bxe4 Nf5 24. Rfb1 Nd5 25. Bxf5 Rxf5 26. Qxc4 Rh5 27. h4 Rf8 28.
Re1 Rh6 29. Rab1 Rg6 30. Kh2 Nxf4 31. gxf4 Rxf4 32. Re2 Qe7 0-1

[Event "Millionaire Chess Op 2016"]
[Site "Atlantic City USA"]
[Date "2016.10.08"]
[Round "5.2"]
[White "Cordova, Emilio"]
[Black "Mamedov, Rauf"]
[Result "1/2-1/2"]
[WhiteTitle "GM"]
[BlackTitle "GM"]
[WhiteElo "2637"]
[BlackElo "2678"]
[WhiteFideId "3801497"]
[BlackFideId "13401653"]
[EventDate "2016.10.06"]

1. Nf3 g6 2. g3 Bg7 3. Bg2 Nf6 4. O-O O-O 5. d4 d5 6. Ne5 Bf5 7. c4 c6 8. Nc3
dxc4 9. Nxc4 Be6 10. b3 Nd5 11. Ne4 Nb6 12. Ne5 Bd5 13. Bb2 N8d7 14. Nd3 a5 15.
a4 Re8 16. Rc1 Qc7 17. Nf4 Bxe4 18. Bxe4 e5 19. dxe5 Bxe5 20. Bxe5 Nxe5 21. Qc2
Qe7 22. Qc3 Ned7 23. Bf3 Ne5 24. Be4 Ned7 25. Bf3 Ne5 26. Be4 1/2-1/2

[Event "Millionaire Chess Op 2016"]
[Site "Atlantic City USA"]
[Date "2016.10.08"]
[Round "5.3"]
[White "Bruzon Batista, Lazaro"]
[Black "Xiong, Jeffery"]
[Result "1/2-1/2"]
[WhiteTitle "GM"]
[BlackTitle "GM"]
[WhiteElo "2615"]
[BlackElo "2647"]
[WhiteFideId "3503739"]
[BlackFideId "2047640"]
[EventDate "2016.10.06"]

1. e4 c5 2. Nf3 d6 3. d4 Nf6 4. Nc3 cxd4 5. Nxd4 a6 6. Be3 Ng4 7. Bg5 h6 8. Bh4
g5 9. Bg3 Bg7 10. h3 Ne5 11. Be2 Nbc6 12. Nb3 Ng6 13. Qd2 Be6 14. O-O Rc8 15.
Rad1 Be5 16. Kh1 Bf4 17. Qe1 h5 18. Nc5 Nce5 19. Nxe6 fxe6 20. f3 h4 21. Bf2 Qa5
22. Rd4 Kf7 23. Ra4 Qd8 24. Ra3 Nd7 25. Bd3 Be5 26. Ne2 Nf4 27. Nxf4 gxf4 28.
Rb3 b5 29. Ra3 Rc6 30. b4 Qc8 31. Ra5 Nb6 32. Bxb6 Rxb6 33. a4 Qc3 34. axb5 axb5
35. Qxc3 Bxc3 36. Rb1 Rc8 37. Rxb5 Rxb5 38. Bxb5 Rb8 39. Bc4 Rxb4 40. Rxb4 Bxb4
41. Kg1 1/2-1/2

[Event "Millionaire Chess Op 2016"]
[Site "Atlantic City USA"]
[Date "2016.10.08"]
[Round "5.4"]
[White "Jones, Gawain C B"]
[Black "Swiercz, Dariusz"]
[Result "1/2-1/2"]
[WhiteTitle "GM"]
[BlackTitle "GM"]
[WhiteElo "2647"]
[BlackElo "2636"]
[WhiteFideId "409561"]
[BlackFideId "1126881"]
[EventDate "2016.10.06"]

1. c4 Nf6 2. g3 e6 3. Bg2 d5 4. Nf3 Be7 5. O-O O-O 6. b3 d4 7. e3 c5 8. exd4
cxd4 9. d3 Nc6 10. Re1 Nd7 11. Ba3 a5 12. Bxe7 Qxe7 13. Nbd2 Nc5 14. Ne4 Bd7 15.
Qe2 Rfd8 16. Nxc5 Qxc5 17. a3 Rab8 18. h4 h6 19. Ne5 Be8 20. Bh3 b5 21. a4 bxa4
22. bxa4 Rb3 23. Bf1 Nb4 24. Bh3 Nc6 25. Bf1 Nb4 26. Bh3 Qc7 27. Rac1 Rc3 28.
Qe4 Na6 29. Rxc3 Nc5 30. Qf3 dxc3 31. d4 Rxd4 32. Qxc3 Rd8 33. Qe3 Nxa4 34. g4
Qc5 35. Qg3 Qb4 36. Re3 Nc5 37. g5 h5 38. Kh2 Qd2 39. Bg2 g6 40. Bc6 Bxc6 41.
Nxc6 Rd3 42. Qb8+ Kh7 43. Qf4 Rd7 44. Ne5 Qd4 45. Qg3 Rb7 46. Rf3 Kg8 47. Nc6
Qd1 48. Qf4 a4 49. Ne5 Qd6 50. Kg2 Ra7 51. Qf6 Qe7 52. Qf4 Qd6 53. Qf6 Qe7 54.
Qf4 Qd6 1/2-1/2

[Event "Millionaire Chess Op 2016"]
[Site "Atlantic City USA"]
[Date "2016.10.08"]
[Round "5.5"]
[White "Shankland, Samuel L"]
[Black "Sevian, Samuel"]
[Result "1-0"]
[WhiteTitle "GM"]
[BlackTitle "GM"]
[WhiteElo "2679"]
[BlackElo "2591"]
[WhiteFideId "2004887"]
[BlackFideId "2040506"]
[EventDate "2016.10.06"]

1. e4 e5 2. Nf3 Nc6 3. Bc4 Bc5 4. O-O Nf6 5. d3 O-O 6. h3 h6 7. c3 d6 8. Re1 a6
9. a4 Re8 10. Nbd2 Be6 11. Bxe6 Rxe6 12. b4 Ba7 13. Qc2 Ne7 14. Nf1 Ng6 15. Ng3
c6 16. d4 Qc7 17. Be3 a5 18. dxe5 dxe5 19. Bxa7 Rxa7 20. Nf5 b5 21. g3 axb4 22.
cxb4 bxa4 23. Rxa4 Rxa4 24. Qxa4 Kh7 25. Kg2 Re8 26. Qa2 Qd7 27. Qc2 Rd8 28. Rc1
Qb7 29. Qc4 Rd7 30. h4 Rd8 31. Rc2 Rd1 32. Rd2 Rxd2 33. Nxd2 Kg8 34. Nb3 Qb5 35.
Qxb5 cxb5 36. Nd6 Kf8 37. Nc5 Ne7 38. f3 Nc6 39. Nd3 Nd4 40. Nxe5 Ke7 41. Nb7
Nc2 42. Nd3 Nd7 43. f4 Nb8 44. e5 Nc6 45. Kf3 Ke6 46. Nd6 f6 47. Nxb5 fxe5 48.
Nc7+ Kd6 49. Na6 exf4 50. Kxf4 g6 51. Ke4 N2d4 52. Nb8 Nf5 53. Nxc6 Kxc6 54. Kf4
Kb5 55. Ne5 Ne7 56. Nf7 Nf5 57. Nxh6 Nxh6 58. Kg5 Nf5 59. h5 Nxg3 60. h6 Nf5 61.
h7 Nd6 62. Kxg6 1-0

[Event "Millionaire Chess Op 2016"]
[Site "Atlantic City USA"]
[Date "2016.10.08"]
[Round "5.6"]
[White "Iturrizaga Bonelli, Eduardo"]
[Black "Paragua, Mark"]
[Result "1-0"]
[WhiteTitle "GM"]
[BlackTitle "GM"]
[WhiteElo "2658"]
[BlackElo "2503"]
[WhiteFideId "3901211"]
[BlackFideId "5201241"]
[EventDate "2016.10.06"]

1. Nf3 Nf6 2. c4 g6 3. g3 Bg7 4. Bg2 O-O 5. O-O d6 6. d4 Nc6 7. Nc3 a6 8. Bf4
Bf5 9. Rc1 Ne4 10. Nxe4 Bxe4 11. d5 Nb8 12. Bh3 Bxf3 13. exf3 c5 14. b3 Nd7 15.
Re1 Ne5 16. Be3 b5 17. f4 Nd7 18. f5 bxc4 19. Rxc4 Ne5 20. Ra4 Bf6 21. fxg6 hxg6
22. Bf1 Qc8 23. Bh6 Rd8 24. h4 a5 25. Bd2 Qb7 26. h5 Kg7 27. hxg6 fxg6 28. Rae4
a4 29. bxa4 Qb2 30. R1e2 Nf3+ 31. Kg2 Nxd2 32. Rxd2 Qc3 33. Bb5 Rh8 34. Rd3 Qb2
35. Qe1 Ra7 36. Re2 Qa1 37. Rd1 Qc3 38. Qxc3 Bxc3 39. Kf3 Rh2 40. Ke4 Bd4 41.
Rf1 Kf6 42. Kd3 g5 43. Kc4 Rh8 44. Bc6 Rb8 45. a3 Be5 46. Rfe1 g4 47. Bb5 Kf5
48. Rh1 Bf6 49. Re6 Rba8 50. Kb3 Rb8 51. Rhe1 Be5 52. Kc4 Rh8 53. Kb3 Rb8 54.
Ka2 c4 55. Rc1 Rc7 56. Rc2 Bg7 57. Rce2 Bf6 58. R6e4 c3 59. Kb3 Be5 60. Rb4 Kg5
61. Bc6 Rf8 62. a5 e6 63. a6 exd5 64. Bxd5 Rc5 65. Bb7 Ra5 66. a4 Rf7 67. Rc4
Kf5 68. Bc8+ Kf6 69. Rxg4 Rc7 70. Bb7 Rac5 71. Kc2 Ra5 72. Rge4 Kf5 73. Rb4 d5
74. g4+ Kf6 75. Rb6+ Kg7 76. Rxe5 Rxa4 77. Rc6 Rxc6 78. Bxc6 Rxa6 79. Bxd5 1-0

[Event "Millionaire Chess Op 2016"]
[Site "Atlantic City USA"]
[Date "2016.10.08"]
[Round "5.7"]
[White "Zhou, Jianchao"]
[Black "Salinas Herrera, Pablo"]
[Result "1-0"]
[WhiteTitle "GM"]
[BlackTitle "IM"]
[WhiteElo "2630"]
[BlackElo "2475"]
[WhiteFideId "8603537"]
[BlackFideId "3407128"]
[EventDate "2016.10.06"]

1. c4 c6 2. d4 d5 3. Nf3 Nf6 4. Nc3 e6 5. Bg5 dxc4 6. e4 b5 7. e5 h6 8. Bh4 g5
9. Nxg5 hxg5 10. Bxg5 Be7 11. exf6 Bxf6 12. Be3 Bb7 13. a4 a6 14. Qf3 Nd7 15.
Be2 Qc7 16. Bf4 Qb6 17. Ne4 Be7 18. O-O c5 19. axb5 cxd4 20. Bxc4 Nc5 21. Rfe1
Nxe4 22. bxa6 Bc6 23. Rxe4 Qxb2 24. Rae1 Qb4 25. Qd3 Bxe4 26. Qxe4 Rc8 27. Bd3
Rh5 28. Rb1 Qa3 29. g3 Bf6 30. Rb7 Rd8 31. a7 Kf8 32. Qf3 Rf5 33. Kg2 Qa5 34.
Bxf5 exf5 35. Bc7 1-0

[Event "Millionaire Chess Op 2016"]
[Site "Atlantic City USA"]
[Date "2016.10.08"]
[Round "5.8"]
[White "Akobian, Varuzhan"]
[Black "Perelshteyn, Eugene"]
[Result "1-0"]
[WhiteTitle "GM"]
[BlackTitle "GM"]
[WhiteElo "2625"]
[BlackElo "2489"]
[WhiteFideId "13300580"]
[BlackFideId "2012529"]
[EventDate "2016.10.06"]

1. d4 Nf6 2. c4 g6 3. Nc3 d5 4. Bf4 Bg7 5. e3 O-O 6. Rc1 Be6 7. c5 c6 8. Bd3 Bc8
9. b4 b5 10. a4 a6 11. Ra1 Bb7 12. axb5 cxb5 13. Bxb8 Rxb8 14. f4 Ne4 15. Bxe4
dxe4 16. Nge2 e6 17. O-O Qd7 18. Qc2 f5 19. Ra3 h6 20. Qa2 Ra8 21. Rd1 Rfd8 22.
Rb3 Kh7 23. Rb2 g5 24. Qa5 Bc6 25. Rbd2 Qb7 26. h3 Bf6 27. Qa2 Qf7 28. Qa5 Qb7
29. Kh1 Kg6 30. Rf1 Bg7 31. g4 Rf8 32. Qa2 Rae8 33. Kg1 Kh7 34. gxf5 Rxf5 35.
Ng3 Rff8 36. f5 Qc7 37. Rg2 exf5 38. Nxf5 Qd7 39. Rgf2 Bb7 40. Qe2 Bc8 41. Qh5
Re6 42. Nd6 Rxf2 43. Rxf2 Rg6 44. Nxc8 Qxc8 45. Qg4 Qe8 46. Qxe4 Qxe4 47. Nxe4
Re6 48. Nd6 Rxe3 49. Nf5 Rd3 50. Kf1 Bxd4 51. Ke2 Bxf2 52. Kxd3 Kg6 53. c6 Bb6
54. Ne7+ Kh5 55. Nd5 Bd8 56. c7 Bxc7 57. Nxc7 Kh4 58. Nxa6 Kxh3 59. Nc7 Kg2 60.
Nxb5 h5 61. Nd4 h4 62. b5 h3 63. b6 h2 64. b7 h1=Q 65. b8=Q Qd1+ 66. Ke4 Qg4+
67. Kd3 Qd1+ 68. Ke3 Qc1+ 69. Kd3 Qd1+ 70. Kc4 Qf1+ 71. Kd5 Qf7+ 72. Kc5 Qe7+
73. Kc4 Qf7+ 74. Kc3 g4 75. Qa8+ Kh2 76. Qh8+ Kg2 77. Qh6 Qc7+ 78. Kd3 Qg3+ 79.
Ke2 Qf2+ 80. Kd3 Qf1+ 81. Ne2 1-0

[Event "Millionaire Chess Op 2016"]
[Site "Atlantic City USA"]
[Date "2016.10.08"]
[Round "5.9"]
[White "Yang, Kaiqi"]
[Black "Stripunsky, Alexander"]
[Result "1-0"]
[WhiteTitle "IM"]
[BlackTitle "GM"]
[WhiteElo "2392"]
[BlackElo "2548"]
[WhiteFideId "8604398"]
[BlackFideId "2015315"]
[EventDate "2016.10.06"]

1. e4 c5 2. Nf3 e6 3. g3 Nf6 4. Qe2 d5 5. exd5 Nxd5 6. Bg2 Nc6 7. O-O g6 8. Nc3
Bg7 9. Nxd5 Qxd5 10. c3 O-O 11. Rd1 Qd6 12. d4 cxd4 13. Nxd4 Bxd4 14. Be3 e5 15.
cxd4 Nxd4 16. Bxd4 exd4 17. Qe4 Rd8 18. Rd2 Bf5 19. Qxb7 Rac8 20. Rad1 Qc5 21.
Bf1 Rb8 22. Qf3 Rb6 23. Qf4 Rbd6 24. h3 Kg7 25. Re1 Re6 26. Rxe6 Bxe6 27. b3 a5
28. h4 h6 29. Rd1 g5 30. hxg5 hxg5 31. Qd2 Qf5 32. Bd3 Qf6 33. Qxa5 Bd5 34. Re1
Bf3 35. Re5 Rc8 36. Rxg5+ Kh6 37. Rf5 Rc1+ 38. Bf1 Qc6 39. Qd2+ Kh7 40. Rxf7+
Kg6 41. Rxf3 1-0

[Event "Millionaire Chess Op 2016"]
[Site "Atlantic City USA"]
[Date "2016.10.08"]
[Round "5.10"]
[White "Sturt, Raven M"]
[Black "Chirila, Ioan-Cristian"]
[Result "0-1"]
[BlackTitle "GM"]
[WhiteElo "2389"]
[BlackElo "2526"]
[WhiteFideId "2007304"]
[BlackFideId "1211668"]
[EventDate "2016.10.06"]

1. d4 Nf6 2. c4 g6 3. Nc3 d5 4. cxd5 Nxd5 5. e4 Nxc3 6. bxc3 Bg7 7. Be3 c5 8.
Rc1 Qa5 9. Qd2 O-O 10. d5 e6 11. Nf3 exd5 12. exd5 Bg4 13. Ng5 c4 14. f3 Bf5 15.
Bxc4 Rc8 16. Qe2 Nd7 17. O-O Ne5 18. Bb3 Bd3 19. Qd2 Bxf1 20. Kxf1 Nc4 21. Qd3
Qxd5 22. Qxd5 Nxe3+ 23. Ke2 Nxd5 24. Bxd5 Re8+ 25. Ne4 Rad8 26. Bb3 Bh6 27. Re1
Kg7 28. Kf1 f5 29. Nc5 Rxe1+ 30. Kxe1 Re8+ 31. Kd1 b6 32. Nd3 Kf6 33. f4 g5 34.
fxg5+ Bxg5 35. Bd5 Re3 36. Kc2 Re2+ 37. Kb3 Rd2 38. Nb4 a5 0-1